[Event "AUT-ch Vor3 Internet"]
[Site "Playchess.com INT"]
[Date "2020.04.17"]
[Round "4"]
[White "Peyrer, Konstantin"]
[Black "Moritz, Christian"]
[Result "1-0"]
[WhiteElo "2286"]
[BlackElo "2077"]
[PlyCount "61"]
[EventDate "2020.04.17"]
[EventType "swiss (blitz)"]
[EventRounds "9"]
[EventCountry "AUT"]
[SourceTitle "CBM 195 Extra"]
[Source "ChessBase"]
[SourceDate "2020.05.31"]
[SourceVersion "1"]
[SourceVersionDate "2020.05.31"]
[SourceQuality "1"]

1. e4 e6 2. d3 d5 3. c3 Nf6 4. Nd2 c5 5. Ngf3 Be7 6. g3 b6 7. Bg2 Bb7 8. Qe2 Qc7 9. 0-0 Nbd7 10. a3 0-0-0 11. b4 Rdg8 12. Bb2 g5 13. exd5 Bxd5 14. c4 Bb7 15. d4 g4 16. Ne5 Nxe5 17. dxe5 Nd7 18. Bxb7+ Qxb7 19. Ne4 Rg6 20. Nd6+ Bxd6 21. exd6 Rf8 22. Rfd1 f5 23. a4 a5 24. bxa5 bxa5 25. Bc3 f4 26. Rab1 Qa8 27. Rb5 fxg3 28. fxg3 Qf3 29. Qxf3 Rxf3 30. Bxa5 Ne5 31. Rxc5+ 1-0

[Event "AUT-ch Vor2 Internet"]
[Site "Playchess.com INT"]
[Date "2020.04.13"]
[Round "7"]
[White "Guba, Viktor"]
[Black "Moritz, Christian"]
[Result "0-1"]
[WhiteElo "1401"]
[BlackElo "2077"]
[PlyCount "90"]
[EventDate "2020.04.13"]
[EventType "swiss (blitz)"]
[EventRounds "9"]
[EventCountry "AUT"]
[SourceTitle "CBM 195 Extra"]
[Source "ChessBase"]
[SourceDate "2020.05.31"]
[SourceVersion "1"]
[SourceVersionDate "2020.05.31"]
[SourceQuality "1"]

1. e4 e6 2. d4 d5 3. Nd2 Nf6 4. e5 Nfd7 5. Bd3 c5 6. c3 Nc6 7. Ne2 cxd4 8. cxd4 f6 9. exf6 Nxf6 10. Nf3 Bd6 11. 0-0 Qc7 12. Bg5 0-0 13. Qc2 h6 14. Bh4 Nh5 15. Bh7+ Kh8 16. Qg6 Nf4 17. Nxf4 Bxf4 18. Qd3 g5 19. Bg6 gxh4 20. Nxh4 Qg7 21. Bh5 Ne7 22. g3 Bd6 23. Rae1 Nf5 24. Nxf5 Rxf5 25. Bf3 Bd7 26. Bg2 Raf8 27. Qd2 Qg5 28. Qxg5 hxg5 29. Bh3 R5f6 30. Rd1 Kg7 31. Rd2 Rc8 32. a3 Rc4 33. Re1 Kf7 34. b3 Rc3 35. b4 Rxa3 36. Rb2 Rc3 37. b5 Rd3 38. b6 axb6 39. Rxb6 Bc6 40. Reb1 Rxd4 41. Rxb7+ Bxb7 42. Rxb7+ Kg6 43. Bg2 Bc5 44. Rd7 Rd1+ 45. Bf1 Rxf2 0-1

[Event "AUT-ch Vor1 Internet"]
[Site "Playchess.com INT"]
[Date "2020.04.11"]
[Round "8"]
[White "Hiermann, Dietmar"]
[Black "Moritz, Christian"]
[Result "1-0"]
[WhiteElo "2250"]
[BlackElo "2077"]
[PlyCount "137"]
[EventDate "2020.04.11"]
[EventType "swiss (blitz)"]
[EventRounds "9"]
[EventCountry "AUT"]
[SourceTitle "CBM 195 Extra"]
[Source "ChessBase"]
[SourceDate "2020.05.31"]
[SourceVersion "1"]
[SourceVersionDate "2020.05.31"]
[SourceQuality "1"]

1. e4 e6 2. d4 d5 3. Nd2 Nf6 4. e5 Nfd7 5. Bd3 c5 6. c3 Nc6 7. Ne2 cxd4 8. cxd4 f6 9. exf6 Nxf6 10. Nf3 Bd6 11. 0-0 Qc7 12. Ng3 0-0 13. Qe2 e5 14. dxe5 Nxe5 15. Nxe5 Bxe5 16. Bg5 Bg4 17. Qd2 Rae8 18. Rac1 Qf7 19. Bb1 Ne4 20. Nxe4 dxe4 21. Rce1 h6 22. Bh4 Bf4 23. Qb4 e3 24. f3 e2 25. Rf2 Bc8 26. Rfxe2 Qh5 27. Bg3 Bxg3 28. hxg3 a5 29. Qe4 Rxe4 30. Rxe4 Bd7 31. Re7 Bc6 32. R1e6 Qc5+ 33. Kh2 Qf2 34. Re2 Qc5 35. Bg6 Qg5 36. R2e6 Bd5 37. f4 Bxe6 38. fxg5 Bd5 39. gxh6 gxh6 40. Bh7+ Kh8 41. Bd3 Rf6 42. g4 Bc6 43. Kg3 Kg8 44. Bf5 Kf8 45. Re2 Kf7 46. Kf4 Rd6 47. g5 Rd4+ 48. Ke5 Rd5+ 49. Kf4 hxg5+ 50. Kxg5 Bd7 51. g4 b5 52. Rf2 Ke7 53. Kf4 Bc6 54. g5 Kd6 55. Ke3 Be8 56. g6 Re5+ 57. Kd2 Rd5+ 58. Ke3 Re5+ 59. Kf4 Re7 60. Rg2 Rg7 61. Kg5 Ke7 62. Re2+ Kf8 63. Kf6 Rc7 64. Rh2 Rc6+ 65. Kg5 Rc5 66. Rh7 Bc6 67. Kf6 Bd5 68. Rh8+ Bg8 69. Be6 1-0

[Event "AUT-ch Vor1 Internet"]
[Site "Playchess.com INT"]
[Date "2020.04.11"]
[Round "3"]
[White "Moerwald, Magdalena"]
[Black "Moritz, Christian"]
[Result "1/2-1/2"]
[WhiteElo "1791"]
[BlackElo "2077"]
[PlyCount "218"]
[EventDate "2020.04.11"]
[EventType "swiss (blitz)"]
[EventRounds "9"]
[EventCountry "AUT"]
[SourceTitle "CBM 195 Extra"]
[Source "ChessBase"]
[SourceDate "2020.05.31"]
[SourceVersion "1"]
[SourceVersionDate "2020.05.31"]
[SourceQuality "1"]

1. e4 e6 2. d4 d5 3. Bd3 c5 4. dxc5 Bxc5 5. exd5 exd5 6. Nf3 Bg4 7. 0-0 Ne7 8. h3 Bh5 9. Nbd2 Nbc6 10. c3 Qc7 11. Qc2 Bg6 12. Bxg6 hxg6 13. Nb3 Bd6 14. Nbd4 a6 15. Re1 0-0 16. Bg5 Rfe8 17. Bxe7 Nxe7 18. Re2 Nc6 19. Rae1 Rxe2 20. Rxe2 Qd7 21. Nxc6 bxc6 22. Nd4 c5 23. Nf3 Re8 24. Qd3 Rxe2 25. Qxe2 Qb5 26. Qd2 Qc4 27. b3 Qe4 28. Ng5 Qe5 29. Nf3 Qf5 30. Qe1 Qf4 31. Qd2 Qxd2 32. Nxd2 f5 33. Kf1 Kf7 34. Ke2 Kf6 35. Nf3 g5 36. Kd3 g4 37. hxg4 fxg4 38. Ne1 Kf5 39. Nc2 a5 40. Ne3+ Ke6 41. Nxg4 a4 42. bxa4 Bc7 43. Ne3 c4+ 44. Kd2 Bb6 45. f3 Ke5 46. g3 g5 47. Ng4+ Ke6 48. Ne3 Bc7 49. g4 Bf4 50. Ke2 Kd6 51. Nf5+ Kc5 52. Ne7 Bc1 53. a5 Kb5 54. Nxd5 Kxa5 55. Ne3 Kb5 56. a4+ Kxa4 57. Nxc4 Kb3 58. Kd3 Bf4 59. Ne3 Ka4 60. Nd5 Bg3 61. c4 Ka5 62. Nf6 Kb6 63. Ne4 Bf4 64. c5+ Kc6 65. Kc4 Be3 66. Kd3 Bf4 67. Kd4 Bc1 68. Nd6 Bb2+ 69. Kc4 Be5 70. Nf7 Bf4 71. Kd4 Bc1 72. Ke4 Kxc5 73. Kf5 Kd5 74. Nxg5 Kd6 75. Ne4+ Ke7 76. g5 Kf7 77. g6+ Kg7 78. Ng5 Bb2 79. Ne6+ Kg8 80. Kg5 Bc3 81. f4 Bd2 82. Kf6 Bc3+ 83. Kf5 Bb2 84. Kg4 Bc3 85. f5 Bb2 86. Nc5 Kg7 87. Ne4 Bc1 88. Kh5 Bb2 89. Nc5 Bc3 90. Ne6+ Kf6 91. Kg4 Bb2 92. g7 Kf7 93. Kg5 Bxg7 94. Nxg7 Kxg7 95. f6+ Kf7 96. Kf5 Kf8 97. Ke5 Kf7 98. Kf5 Kf8 99. Kg6 Kg8 100. Kh6 Kf7 101. Kg5 Kf8 102. Kf5 Kf7 103. Ke5 Kf8 104. Kd6 Kf7 105. Ke5 Kf8 106. Ke6 Ke8 107. Kf5 Kf7 108. Kg5 Kf8 109. Kf5 Kf7 1/2-1/2

[Event "AUT-ch Vor1 Internet"]
[Site "Playchess.com INT"]
[Date "2020.04.11"]
[Round "5"]
[White "Moritz, Christian"]
[Black "Glaner, Marcus Franz"]
[Result "1-0"]
[WhiteElo "2077"]
[BlackElo "1939"]
[PlyCount "121"]
[EventDate "2020.04.11"]
[EventType "swiss (blitz)"]
[EventRounds "9"]
[EventCountry "AUT"]
[SourceTitle "CBM 195 Extra"]
[Source "ChessBase"]
[SourceDate "2020.05.31"]
[SourceVersion "1"]
[SourceVersionDate "2020.05.31"]
[SourceQuality "1"]

1. d4 Nf6 2. Nf3 g6 3. c4 Bg7 4. Nc3 d5 5. cxd5 Nxd5 6. e4 Nxc3 7. bxc3 0-0 8. Be2 c5 9. 0-0 Nc6 10. Be3 cxd4 11. cxd4 b6 12. d5 Ne5 13. Nd4 Bb7 14. f4 Nd7 15. Bf3 Nc5 16. Rb1 Rc8 17. Nb5 a6 18. Na7 Rb8 19. e5 Qc7 20. Nc6 Bxc6 21. dxc6 Rfd8 22. Qc2 Ne6 23. Rfd1 b5 24. g4 Rxd1+ 25. Rxd1 Rd8 26. Rxd8+ Qxd8 27. f5 Nc7 28. Qc5 gxf5 29. gxf5 Qd3 30. Kf2 Qxf5 31. Qxe7 Qxe5 32. Qd8+ Bf8 33. h4 Ne6 34. Qd5 Qxd5 35. Bxd5 Bd6 36. Kf3 Nc7 37. Be4 Kg7 38. Bb6 h6 39. Kg4 Kf6 40. Be3 Ke5 41. Bf3 f5+ 42. Kh5 f4 43. Bf2 Bf8 44. Kg6 Kd6 45. Kf7 Ne6 46. Bg4 Kxc6 47. Bxe6 Bc5 48. Bxc5 Kxc5 49. Bg4 Kd4 50. Kg6 Ke3 51. Kxh6 f3 52. Kg5 f2 53. Bh3 a5 54. h5 a4 55. Bf1 b4 56. h6 b3 57. axb3 axb3 58. h7 Kd2 59. h8Q Ke1 60. Bd3 b2 61. Qxb2 1-0

[Event "AUT-chT2W 1920"]
[Site "Austria"]
[Date "2020.01.18"]
[Round "7.5"]
[White "Goetz, Siegmar"]
[Black "Moritz, Christian"]
[Result "1/2-1/2"]
[WhiteElo "2063"]
[BlackElo "2063"]
[PlyCount "93"]
[EventDate "2019.10.04"]
[EventType "team-tourn"]
[EventRounds "11"]
[EventCountry "AUT"]
[SourceTitle "CBM 195 Extra"]
[Source "ChessBase"]
[SourceDate "2020.05.31"]
[SourceVersion "1"]
[SourceVersionDate "2020.05.31"]
[SourceQuality "1"]
[WhiteTeam "Hoerbranz"]
[BlackTeam "Rochade Rum"]
[WhiteTeamCountry "AUT"]
[BlackTeamCountry "AUT"]

1. d4 e6 2. Nf3 f5 3. Bg5 Nf6 4. e3 b6 5. Bd3 Bb7 6. Nbd2 Be7 7. c3 0-0 8. Qc2 d5 9. Ne5 c5 10. 0-0 Nc6 11. Nxc6 Bxc6 12. f4 Kh8 13. Nf3 h6 14. Ne5 Be8 15. Bh4 c4 16. Be2 g5 17. fxg5 Ne4 18. Bf3 hxg5 19. Bxe4 dxe4 20. Bg3 b5 21. b3 cxb3 22. axb3 a5 23. c4 Kg7 24. Rad1 Rc8 25. Qe2 Rh8 26. d5 Bh5 27. Qb2 Bxd1 28. Rxd1 Bf6 29. Qe2 Qe8 30. dxe6 Qxe6 31. Rd7+ Kg8 32. Rd5 bxc4 33. bxc4 a4 34. Qd1 Rh6 35. Qxa4 Qb6 36. Qd7 Rf8 37. Qd6 Bxe5 38. Qxb6 Rxb6 39. Bxe5 Kf7 40. Bd4 Rb1+ 41. Kf2 Ke6 42. Re5+ Kd7 43. Ra5 Kc7 44. Ra7+ Rb7 45. Ra5 Rf7 46. Rc5+ Kd8 47. Ra5 1/2-1/2

[Event "AUT-ch"]
[Site "Vienna"]
[Date "2010.07.24"]
[Round "1"]
[White "Moritz, Christian"]
[Black "Alvir, Aco"]
[Result "1-0"]
[WhiteElo "2170"]
[BlackElo "2369"]
[PlyCount "139"]
[EventDate "2010.07.24"]
[EventType "swiss"]
[EventRounds "9"]
[EventCountry "AUT"]
[SourceTitle "CBM 137 Extra"]
[Source "ChessBase"]
[SourceDate "2010.09.01"]
[SourceVersion "1"]
[SourceVersionDate "2010.09.01"]
[SourceQuality "1"]

1. d4 Nf6 2. Nf3 g6 3. c4 Bg7 4. Nc3 0-0 5. e4 d6 6. Be2 Na6 7. 0-0 e5 8. d5 Nc5 9. Nd2 a5 10. b3 Bh6 11. Qc2 Bd7 12. Re1 c6 13. Nf1 Bxc1 14. Raxc1 Qb6 15. Qb1 cxd5 16. cxd5 Qb4 17. Nd2 a4 18. bxa4 Qxb1 19. Rxb1 Bxa4 20. f3 Rfd8 21. Rec1 Ne8 22. Nc4 b5 23. Nxa4 Nxa4 24. Rxb5 Rdc8 25. Rc2 Kf8 26. Bd3 Ra7 27. Ra5 Rca8 28. Rxa7 Rxa7 29. Nd2 Nc5 30. Bb5 Nc7 31. Bc6 f5 32. exf5 gxf5 33. Nc4 Ke7 34. a4 Nd3 35. Nb6 Kd8 36. Rc4 Ra6 37. a5 Rxa5 38. g4 Ra1+ 39. Kg2 f4 40. Ra4 Rc1 41. Rc4 Rb1 42. Na4 Ra1 43. Rc3 Ra2+ 44. Kg1 Ra1+ 45. Kg2 Ne1+ 46. Kf2 Na6 47. Bb5 Nb4 48. Nb6 Nec2 49. Rc8+ Ke7 50. g5 Nd4 51. Rc7+ Kf8 52. Nd7+ Ke7 53. Nc5+ Kd8 54. Ne6+ Nxe6 55. Rd7+ Ke8 56. dxe6 Ra5 57. Rb7+ Rxb5 58. Rxb5 Nd3+ 59. Ke2 Nc5 60. Rb8+ Ke7 61. Rh8 Kxe6 62. Rxh7 d5 63. h4 e4 64. Rc7 Nb3 65. fxe4 Nd4+ 66. Kd3 Nf3 67. g6 Ne5+ 68. Ke2 Nxg6 69. Rc6+ Kf7 70. Rxg6 1-0

[Event "Wattens op 12th"]
[Site "Wattens"]
[Date "1997.??.??"]
[Round "?"]
[White "Delmarko, Dietmar"]
[Black "Moritz, Christian"]
[Result "1/2-1/2"]
[WhiteElo "1695"]
[BlackElo "2010"]
[PlyCount "133"]
[EventDate "1997.??.??"]
[EventType "swiss"]
[EventRounds "9"]
[EventCountry "AUT"]
[SourceTitle "EXT 2000"]
[Source "ChessBase"]
[SourceDate "1999.11.16"]
[SourceVersion "1"]
[SourceVersionDate "1999.11.16"]
[SourceQuality "1"]

1. e4 e6 2. d4 d5 3. e5 c5 4. c3 Nc6 5. Nf3 Bd7 6. Bd3 Rc8 7. 0-0 cxd4 8. cxd4 Nb4 9. Nc3 Nxd3 10. Qxd3 Qb6 11. a3 Ne7 12. Bd2 Qa6 13. Qxa6 bxa6 14. Rfc1 f6 15. Rc2 Ng6 16. Rac1 Be7 17. Na2 Rxc2 18. Rxc2 Bd8 19. Bb4 Ba4 20. Rc8 Kd7 21. Ra8 Bb6 22. Rxh8 Nxh8 23. Nc3 Bc2 24. Bf8 Ng6 25. Bxg7 f5 26. Bh6 Ne7 27. Be3 Nc6 28. Kf1 f4 29. Bxf4 Nxd4 30. Nxd4 Bxd4 31. Ke2 Kc6 32. Kd2 Bg6 33. f3 Bg1 34. Ne2 Bb6 35. Kc3 a5 36. Nd4+ Bxd4+ 37. Kxd4 a4 38. Bh6 Bc2 39. g4 Bd1 40. Ke3 d4+ 41. Kxd4 Bxf3 42. g5 Kb5 43. Bf8 a6 44. Bb4 Bh5 45. Bc3 Bd1 46. Be1 Be2 47. Bf2 Bd1 48. Kc3 Bf3 49. h4 Bh5 50. Ba7 Bg4 51. Bf2 Bh5 52. Ba7 Bd1 53. Kd4 Bh5 54. Bb8 Bd1 55. Bd6 Bh5 56. Ke4 Kc4 57. Bb4 Bd1 58. Bc3 Bh5 59. Kf4 Kd3 60. g6 Bxg6 61. Kg5 Bf5 62. Kf6 h5 63. Ke7 Ke2 64. Kd6 Kf3 65. Kc5 Kg3 66. Be1+ Kf4 67. Kd4 1/2-1/2

[Event "Wattens op 12th"]
[Site "Wattens"]
[Date "1997.??.??"]
[Round "?"]
[White "Moritz, Christian"]
[Black "Aigner, Matthias"]
[Result "1-0"]
[WhiteElo "2010"]
[BlackElo "1725"]
[PlyCount "83"]
[EventDate "1997.??.??"]
[EventType "swiss"]
[EventRounds "9"]
[EventCountry "AUT"]
[SourceTitle "EXT 2000"]
[Source "ChessBase"]
[SourceDate "1999.11.16"]
[SourceVersion "1"]
[SourceVersionDate "1999.11.16"]
[SourceQuality "1"]

1. Nf3 d5 2. g3 c6 3. Bg2 Nf6 4. d3 g6 5. Nbd2 Bg7 6. 0-0 0-0 7. e4 dxe4 8. dxe4 Qc7 9. Qe2 e5 10. a4 b6 11. Rd1 Ba6 12. Nc4 Nbd7 13. b4 Rad8 14. Ba3 Bxc4 15. Qxc4 Nb8 16. b5 Rfe8 17. Bh3 c5 18. Bb2 Nfd7 19. Rd5 Nf8 20. Rad1 Rxd5 21. Qxd5 h6 22. Kh1 Nh7 23. Qc4 Ng5 24. Nxg5 hxg5 25. Rd5 Rd8 26. Qd3 Bf6 27. Rxd8+ Bxd8 28. Bxe5 Qxe5 29. Qxd8+ Kg7 30. Qd5 Qa1+ 31. Kg2 Qxa4 32. Qe5+ Kh7 33. Qe8 Kg7 34. Qe5+ Kh7 35. Qe8 Kg7 36. Qxb8 Qxe4+ 37. Kg1 Qxc2 38. Qxa7 Qb1+ 39. Bf1 Qb4 40. Qxb6 c4 41. Qd4+ f6 42. Qxc4 1-0

[Event "Wattens op 12th"]
[Site "Wattens"]
[Date "1997.??.??"]
[Round "?"]
[White "Netolitzky, Gregor"]
[Black "Moritz, Christian"]
[Result "1/2-1/2"]
[WhiteElo "2225"]
[BlackElo "2010"]
[PlyCount "43"]
[EventDate "1997.??.??"]
[EventType "swiss"]
[EventRounds "9"]
[EventCountry "AUT"]
[SourceTitle "EXT 2000"]
[Source "ChessBase"]
[SourceDate "1999.11.16"]
[SourceVersion "1"]
[SourceVersionDate "1999.11.16"]
[SourceQuality "1"]

1. e4 e6 2. d4 d5 3. e5 c5 4. c3 Nc6 5. Nf3 Bd7 6. dxc5 Bxc5 7. b4 Bb6 8. Bd3 Nge7 9. 0-0 Ng6 10. Qe2 0-0 11. b5 Na5 12. Ba3 Re8 13. g3 Rc8 14. h4 f6 15. Nbd2 Nxe5 16. Nxe5 fxe5 17. Qxe5 Qf6 18. Qxf6 gxf6 19. Bb4 e5 20. Kg2 f5 21. a4 Kg7 22. Rad1 1/2-1/2

[Event "Wattens op 11th"]
[Site "Wattens"]
[Date "1996.??.??"]
[Round "8"]
[White "Moritz, Christian"]
[Black "Duer, Werner"]
[Result "0-1"]
[WhiteElo "1955"]
[BlackElo "2310"]
[PlyCount "73"]
[EventDate "1996.??.??"]
[EventType "swiss"]
[EventRounds "9"]
[EventCountry "AUT"]
[SourceTitle "EXT 2000"]
[Source "ChessBase"]
[SourceDate "1999.11.16"]
[SourceVersion "1"]
[SourceVersionDate "1999.11.16"]
[SourceQuality "1"]

1. d4 d5 2. c4 c6 3. Nc3 Nf6 4. Nf3 e6 5. e3 a6 6. c5 Nbd7 7. a3 Qc7 8. b4 e5 9. dxe5 Nxe5 10. Nxe5 Qxe5 11. Bb2 Bg4 12. Qd2 Qc7 13. f3 Be6 14. Ne2 Be7 15. Nf4 a5 16. Qd4 axb4 17. axb4 Rxa1+ 18. Bxa1 0-0 19. Bd3 Ne8 20. Nxe6 fxe6 21. Qg4 Qd7 22. Qh5 h6 23. Bxg7 Nxg7 24. Qxh6 Bf6 25. g4 Ne8 26. g5 Qg7 27. Qh3 Bc3+ 28. Kf2 Nc7 29. Rc1 d4 30. Ke2 Re8 31. exd4 Bxd4 32. Qh5 Rd8 33. Rc4 Nb5 34. g6 Qd7 35. Qh3 Ra8 36. f4 Bf6 37. Be4 0-1

[Event "Wattens op 10th"]
[Site "Wattens"]
[Date "1995.??.??"]
[Round "?"]
[White "Enigl, Karl"]
[Black "Moritz, Christian"]
[Result "1-0"]
[WhiteElo "2185"]
[BlackElo "1985"]
[PlyCount "101"]
[EventDate "1995.??.??"]
[EventType "swiss"]
[EventRounds "9"]
[EventCountry "AUT"]
[SourceTitle "EXT 2000"]
[Source "ChessBase"]
[SourceDate "1999.11.16"]
[SourceVersion "1"]
[SourceVersionDate "1999.11.16"]
[SourceQuality "1"]

1. c4 Nf6 2. Nc3 g6 3. Nf3 Bg7 4. d4 0-0 5. Bg5 d6 6. e3 Nbd7 7. Be2 Re8 8. h3 c6 9. 0-0 e5 10. Rc1 Qb6 11. Qc2 h6 12. Bh4 exd4 13. Nxd4 Nc5 14. Bf3 a5 15. b3 a4 16. Bg3 Rd8 17. Rfd1 Ne8 18. Rb1 axb3 19. axb3 Qb4 20. Ne4 f5 21. Nxc5 dxc5 22. Ne2 Be6 23. Nf4 Bf7 24. Nd3 Qa5 25. Ne5 Rxd1+ 26. Rxd1 Rd8 27. Nxf7 Kxf7 28. e4 fxe4 29. Bxe4 Rxd1+ 30. Qxd1 Qa1 31. Qxa1 Bxa1 32. Kf1 Ng7 33. Ke2 Ne6 34. Kd3 Bf6 35. Bf3 Nd4 36. Bd1 Ke6 37. f3 h5 38. Bf2 h4 39. b4 b6 40. bxc5 bxc5 41. Ke4 Be7 42. Ba4 Kd6 43. Bd1 Ke6 44. Kf4 Nf5 45. Bc2 g5+ 46. Kg4 Nd4 47. Be4 Ke5 48. Be3 Ne6 49. Bxc6 Nf4 50. g3 hxg3 51. Kxg3 1-0

[Event "Wattens op 10th"]
[Site "Wattens"]
[Date "1995.??.??"]
[Round "?"]
[White "Volf, Rudolf"]
[Black "Moritz, Christian"]
[Result "0-1"]
[WhiteElo "1660"]
[BlackElo "1985"]
[PlyCount "104"]
[EventDate "1995.??.??"]
[EventType "swiss"]
[EventRounds "9"]
[EventCountry "AUT"]
[SourceTitle "EXT 2000"]
[Source "ChessBase"]
[SourceDate "1999.11.16"]
[SourceVersion "1"]
[SourceVersionDate "1999.11.16"]
[SourceQuality "1"]

1. f4 d5 2. Nf3 Nf6 3. e3 c5 4. Bb5+ Nbd7 5. Ne5 b6 6. Bxd7+ Nxd7 7. Nxd7 Qxd7 8. b3 d4 9. e4 d3 10. c4 Qd4 11. Nc3 b5 12. Rb1 b4 13. Nd5 Qxe4+ 14. Kf1 Bb7 15. Qf3 Bxd5 16. cxd5 Qxf3+ 17. gxf3 0-0-0 18. a3 Rxd5 19. axb4 cxb4 20. Kf2 e6 21. Bb2 Bc5+ 22. Kg3 h5 23. Rbe1 Rhd8 24. Re5 g6 25. Rc1 Rxe5 26. fxe5 Rd5 27. Bd4 Rxd4 28. Rxc5+ Kb7 29. f4 Re4 30. Rc1 Re2 31. Rd1 a5 32. h4 Kb6 33. Kf3 Kb5 34. Rc1 a4 35. bxa4+ Kxa4 36. Rc7 Kb3 37. Rxf7 Kc2 38. Re7 b3 39. Rxe6 b2 40. Rc6+ Kxd2 41. Rb6 Kc1 42. Rc6+ Rc2 43. Rxg6 d2 44. Rg1+ d1Q+ 45. Rxd1+ Kxd1 46. f5 b1Q 47. Kf4 Qb4+ 48. Kg5 Qg4+ 49. Kf6 Rf2 50. e6 Qxf5+ 51. Kg7 Rg2+ 52. Kh8 Qf6+ 0-1

[Event "Wattens op 08th"]
[Site "Wattens"]
[Date "1993.??.??"]
[Round "?"]
[White "Embacher, Gregor"]
[Black "Moritz, Christian"]
[Result "0-1"]
[WhiteElo "1795"]
[BlackElo "2005"]
[PlyCount "62"]
[EventDate "1993.??.??"]
[EventType "swiss"]
[EventRounds "9"]
[EventCountry "AUT"]
[SourceTitle "EXT 2000"]
[Source "ChessBase"]
[SourceDate "1999.11.16"]
[SourceVersion "1"]
[SourceVersionDate "1999.11.16"]
[SourceQuality "1"]

1. Nf3 Nf6 2. g3 g6 3. Bg2 Bg7 4. 0-0 0-0 5. c4 d6 6. d4 Nbd7 7. Nc3 c6 8. e4 e5 9. d5 Nc5 10. Qc2 a5 11. Ne1 b5 12. Be3 b4 13. Bxc5 bxc3 14. Ba3 cxb2 15. Rb1 cxd5 16. cxd5 Ba6 17. Nd3 Rc8 18. Qd2 Ng4 19. Rfd1 f5 20. Rxb2 Bh6 21. Qe1 Bxd3 22. Rxd3 fxe4 23. Bxe4 Rc1 24. Rd1 Rxd1 25. Qxd1 Nxf2 26. Qe1 Nxe4 27. Qxe4 Bc1 28. Rb3 Bxa3 29. Rxa3 Qb6+ 30. Re3 Qb2 31. Re2 Qa1+ 0-1